| 000 | 00717nas a2200229 4500 | ||
|---|---|---|---|
| 001 | BR9205748 | ||
| 003 | BR-BrBNA | ||
| 005 | 20231205100431.0 | ||
| 007 | ta | ||
| 008 | 230509b bl.|||p| |||| 00| 00por d | ||
| 040 |
_aBR-BrBNA _bpor _cBiblioteca Nacional de Agricultura |
||
| 041 | _a(Pt) | ||
| 072 | _aH10 | ||
| 100 | 1 | _aLoeck, A.E. | |
| 100 | 1 | _aNakano, O. | |
| 245 | 1 | _aEfeito de novas substancias visando o controle de sauveiros novos de Atta laevigata (Smith, 1858)(Hymenoptera-Formicidae) | |
| 650 | _aSauva | ||
| 650 | _aControle Quimico | ||
| 773 | 0 |
_tSolo (Brazil) _xISSN 0584-0821 _g(Jan-Jun 1984), v. 76(1) p. 25-30 _wBR9205748 |
|
| 909 |
_a202311 _bLúcia _c55 _dLúcia Elande |
||
| 942 |
_2AGRIS _n0 _cANA |
||
| 999 |
_c155991 _d155991 |
||